Introduction to probability models.
Guardat en:
| Autor principal: | |
|---|---|
| Format: | Llibre |
| Idioma: | anglès |
| Publicat: |
Oxford, United Kingdom:
Elsevier; Academic Press,
2014.
|
| Edició: | Eleventh Edition. |
| Matèries: | |
| Etiquetes: |
Afegir etiqueta
Sense etiquetes, Sigues el primer a etiquetar aquest registre!
|
MARC
| LEADER | 00000cam a2200000 a 4500 | ||
|---|---|---|---|
| 001 | UCC6095 | ||
| 003 | CL-VaPUC | ||
| 005 | 20231013092954.0 | ||
| 008 | 181116e20140000ne |||||||||||||||||eng|d | ||
| 999 | |c 373138 |d 373136 | ||
| 020 | |a 9780124079489 | ||
| 040 | |c Pontificia Universidad Católica de Valparaíso | ||
| 082 | 0 | 4 | |a 519.2 ROS 2014 |2 21 |
| 100 | 0 | |a Ross, Sheldon M |e author |9 600526 | |
| 245 | 1 | 0 | |a Introduction to probability models. |
| 250 | |a Eleventh Edition. | ||
| 260 | |a Oxford, United Kingdom: |b Elsevier; |b Academic Press, |c 2014. | ||
| 300 | |a 767 páginas. | ||
| 500 | |a 13-10-2023 /Inv. 551.485-1 EST-Traspasado a MAT. | ||
| 583 | |a last modification |c 20181120 01:37:30 |k Rodrigo Vera | ||
| 650 | 0 | |a Modelos matemáticos |9 259437 | |
| 650 | 0 | |a Probabilidades |9 260199 | |
| 942 | |c BK |2 ddc | ||
| 945 | |d 20181116 13:40:00 |a dcastane | ||
| 952 | |0 0 |1 0 |3 erd |4 0 |6 519_200000000000000_ROS_2014 |7 0 |8 A |9 491106 |a BIBGIM |b BIBGIM |i 5514835 |l 2 |m 6 |o 519.2 ROS 2014 |p 5514835 |r 2025-01-15 |s 2022-02-22 |w 2019-11-24 |y BK |z Catalogado en:20181116 |k EST | ||
| 952 | |0 0 |1 0 |3 erd |4 0 |6 519_200000000000000_ROS_2014 |7 0 |8 A |9 491107 |a BIBGIM |b BIBGIM |i 5514843 |l 2 |o 519.2 ROS 2014 |p 5514843 |r 2025-01-15 |s 2023-05-12 |w 2019-11-24 |y BK |z Catalogado en:20181116 |k EST | ||
| 952 | |0 0 |1 0 |2 ddc |3 erd |4 0 |6 519_200000000000000_ROS_2014 |7 0 |8 A |9 491108 |a BIBMAT |b BIBMAT |e Traspaso desde Estadística |i 5514851 |o 519.2 ROS 2014 |p 5514851 |r 2025-01-07 |w 2019-11-24 |y BK |z Catalogado en:20181116 |k MAT | ||
| 952 | |0 0 |1 0 |3 erd |4 0 |6 519_200000000000000_ROS_2014 |7 0 |8 A |9 491109 |a BIBGIM |b BIBGIM |i 5516358 |l 1 |o 519.2 ROS 2014 |p 5516358 |r 2025-01-15 |s 2024-04-09 |w 2019-11-24 |y BK |z Catalogado en:20181123 |k EST | ||